000 00673nam a2200265Ia 4500
003 OSt
005 20221006144109.0
006 a|||||r|||| 00| 0
007 ta
008 221006b |||||||| |||| 00| 0 eng d
020 _c
_15.50
024 _a10,862
037 _cTextual
040 _aEASL
_cEASL
_beng
041 _2eng
_aeng
082 _aQv41, M6
100 _aJOCHIM Christian
_9650855
245 0 _aChinese religions
_b A cultural perspective
260 _aNew Jersey
_bPrentice-Hall
_c1986
300 _a202p.
_ccm.
490 _v RS
650 _aCEL
942 _hQv41, M6
_cTEXL
_2CC
999 _c1078948
_d1078948